[Event "MP do lat 18 - dziewczeta"]
[Site "Sypniewo"]
[Date "2022.03.22"]
[Round "4.17"]
[White "Wojtas, Julia"]
[Black "Matusik, Zuzanna"]
[Result "0-1"]
[BlackElo "1286"]
[WhiteElo "1560"]
[LiveChessVersion "1.4.8"]

1. c4 {[%clk 1:30:54]} e5 {[%clk 1:30:51]} 2. Nc3 {[%clk 1:31:11]} Nf6
{[%clk 1:30:04]} 3. e4 {[%clk 1:30:52]} Bc5 {[%clk 1:29:24]} 4. g3
{[%clk 1:30:06]} d6 {[%clk 1:29:26]} 5. h3 {[%clk 1:30:25]} Be6 {[%clk 1:28:54]}
6. d3 {[%clk 1:29:36]} c6 {[%clk 1:29:09]} 7. Bg2 {[%clk 1:15:30]} d5
{[%clk 1:28:43]} 8. cxd5 {[%clk 1:12:20]} cxd5 {[%clk 1:29:07]} 9. exd5
{[%clk 0:57:48]} Nxd5 {[%clk 1:29:21]} 10. Qa4+ {[%clk 0:47:19]} Nc6
{[%clk 1:24:30]} 11. Nge2 {[%clk 0:43:10]} O-O {[%clk 1:19:08]} 12. O-O
{[%clk 0:40:28]} Nxc3 13. Nxc3 {[%clk 0:38:50]} Qxd3 {[%clk 1:16:35]} 14. Qh4
{[%clk 0:31:00]} Nd4 {[%clk 1:10:11]} 15. Ne4 {[%clk 0:19:27]} Bb6
{[%clk 1:01:32]} 16. Ng5 {[%clk 0:16:05]} Bf5 {[%clk 0:59:53]} 17. Be3
{[%clk 0:14:38]} Bg6 {[%clk 0:44:40]} 18. Rad1 {[%clk 0:12:54]} Qc4
{[%clk 0:42:44]} 19. Kh1 {[%clk 0:10:29]} Qxa2 {[%clk 0:41:43]} 20. Bxd4
{[%clk 0:09:03]} Bxd4 {[%clk 0:41:59]} 21. f4 {[%clk 0:09:17]} h6
{[%clk 0:33:29]} 22. Nf3 {[%clk 0:07:52]} Bxb2 {[%clk 0:30:58]} 23. Nxe5
{[%clk 0:04:26]} Bc2 {[%clk 0:26:12]} 24. Rd7 {[%clk 0:03:20]} Rae8
{[%clk 0:23:40]} 25. Nxf7 {[%clk 0:01:33]} Rxf7 {[%clk 0:23:01]} 26. Bd5
{[%clk 0:01:20]} Be4+ {[%clk 0:23:07]} 27. Bxe4 {[%clk 0:01:06]} Rxe4
{[%clk 0:23:33]} 28. Rd8+ {[%clk 0:00:53]} Kh7 {[%clk 0:22:47]} 29. Qh5
{[%clk 0:00:40]} Qc4 {[%clk 0:14:36]} 30. Rfd1 {[%clk 0:00:46]} Re2
{[%clk 0:13:23]} 31. Qf3 {[%clk 0:00:36]} Rfe7 {[%clk 0:11:31]} 32. Kg1
{[%clk 0:00:36]} Re1+ {[%clk 0:11:20]} 33. Rxe1 {[%clk 0:00:58]} Rxe1+
{[%clk 0:11:44]} 34. Kf2 {[%clk 0:01:21]} Qf1# {[%clk 0:11:59]} 0-1

[Event "MP do lat 18 - dziewczeta"]
[Site "Sypniewo"]
[Date "2022.03.22"]
[Round "4.18"]
[White "Jedrzejko, Martyna"]
[Black "Kukula, Klara"]
[Result "1/2-1/2"]
[BlackElo "1464"]
[WhiteElo "1517"]
[LiveChessVersion "1.4.8"]

1. e4 c6 {[%clk 1:30:53]} 2. d4 {[%clk 1:31:20]} d5 {[%clk 1:31:17]} 3. Nc3
{[%clk 1:31:34]} dxe4 {[%clk 1:31:37]} 4. Nxe4 {[%clk 1:32:01]} Bf5
{[%clk 1:32:00]} 5. Ng3 {[%clk 1:32:01]} Bg6 {[%clk 1:32:24]} 6. h4
{[%clk 1:31:50]} h6 {[%clk 1:32:48]} 7. Nf3 {[%clk 1:31:30]} Nd7 {[%clk 1:33:00]}
8. h5 {[%clk 1:31:46]} Bh7 {[%clk 1:33:26]} 9. Bd3 {[%clk 1:31:48]} Bxd3
{[%clk 1:33:52]} 10. Qxd3 {[%clk 1:32:10]} e6 {[%clk 1:34:17]} 11. Bd2
{[%clk 1:32:11]} Qc7 {[%clk 1:34:38]} 12. O-O-O {[%clk 1:31:44]} O-O-O
{[%clk 1:33:40]} 13. Ne4 {[%clk 1:24:48]} Ngf6 {[%clk 1:33:56]} 14. g3
{[%clk 1:19:27]} Bd6 {[%clk 1:33:56]} 15. Kb1 {[%clk 1:13:12]} Nxe4
{[%clk 1:34:15]} 16. Qxe4 {[%clk 1:13:39]} Nf6 {[%clk 1:34:39]} 17. Qe2
{[%clk 1:13:45]} Rhe8 {[%clk 1:24:19]} 18. Ne5 {[%clk 1:02:32]} c5
{[%clk 1:08:57]} 19. c3 {[%clk 1:00:44]} Kb8 {[%clk 0:40:20]} 20. f4
{[%clk 0:48:42]} cxd4 {[%clk 0:28:01]} 21. cxd4 {[%clk 0:49:03]} Bxe5
{[%clk 0:23:59]} 22. dxe5 {[%clk 0:48:51]} Nd5 {[%clk 0:24:20]} 23. Rc1
{[%clk 0:47:37]} Qd7 {[%clk 0:24:26]} 24. Rhd1 {[%clk 0:41:39]} Rc8
{[%clk 0:19:54]} 25. Be1 {[%clk 0:40:01]} Rxc1+ {[%clk 0:19:55]} 26. Rxc1
{[%clk 0:40:22]} Rf8 {[%clk 0:08:11]} 27. Qd3 {[%clk 0:31:06]} Qd8
{[%clk 0:04:00]} 28. Bf2 {[%clk 0:25:35]} Nb4 {[%clk 0:03:20]} 29. Qb3
{[%clk 0:15:13]} Qd3+ {[%clk 0:03:25]} 30. Qxd3 {[%clk 0:15:01]} Nxd3
{[%clk 0:03:51]} 31. Bc5 {[%clk 0:14:29]} Nxc5 {[%clk 0:04:18]} 32. Rxc5
{[%clk 0:14:53]} Rd8 {[%clk 0:04:29]} 33. Kc2 {[%clk 0:15:14]} 1/2-1/2

[Event "MP do lat 18 - dziewczeta"]
[Site "Sypniewo"]
[Date "2022.03.22"]
[Round "4.19"]
[White "Mytnik, Kinga"]
[Black "Pawlak, Emilia"]
[Result "1-0"]
[BlackElo "1402"]
[WhiteElo "1438"]
[LiveChessVersion "1.4.8"]

1. e4 {[%clk 1:30:58]} c5 {[%clk 1:30:55]} 2. d3 {[%clk 1:31:21]} Nc6
{[%clk 1:31:08]} 3. f4 {[%clk 1:31:35]} d6 {[%clk 1:31:11]} 4. c3
{[%clk 1:31:40]} g6 {[%clk 1:30:28]} 5. Nf3 {[%clk 1:31:28]} Bg7 {[%clk 1:30:15]}
6. Be2 {[%clk 1:31:32]} e5 {[%clk 1:30:26]} 7. O-O {[%clk 1:31:07]} Nge7
{[%clk 1:30:49]} 8. Qe1 {[%clk 1:30:28]} O-O {[%clk 1:29:31]} 9. Qh4
{[%clk 1:27:29]} f5 {[%clk 1:16:26]} 10. fxe5 {[%clk 1:26:11]} dxe5
{[%clk 1:15:16]} 11. Bh6 {[%clk 1:24:07]} f4 {[%clk 1:05:46]} 12. Ng5
{[%clk 1:22:21]} Qe8 {[%clk 1:03:15]} 13. Bd1 {[%clk 1:17:27]} Nd8
{[%clk 1:00:28]} 14. Bb3+ {[%clk 1:12:11]} Nf7 {[%clk 1:00:04]} 15. Bxg7
{[%clk 1:07:59]} Kxg7 {[%clk 1:00:13]} 16. Qxh7+ {[%clk 1:07:12]} Kf6
{[%clk 1:00:36]} 17. Nxf7 {[%clk 1:06:35]} Rxf7 {[%clk 1:00:33]} 18. Bxf7
{[%clk 1:06:21]} Qxf7 {[%clk 0:59:08]} 19. Qxf7+ {[%clk 1:06:11]} Kxf7
{[%clk 0:59:33]} 20. Na3 {[%clk 1:05:42]} Be6 {[%clk 0:59:56]} 21. Nb5
{[%clk 1:05:24]} Rd8 {[%clk 1:00:16]} 22. Rfd1 {[%clk 1:04:38]} a6
{[%clk 1:00:32]} 23. Na3 {[%clk 1:04:43]} Nc6 {[%clk 1:00:37]} 24. Nc4
{[%clk 1:04:37]} b5 {[%clk 1:00:56]} 25. Na3 {[%clk 1:03:30]} Bg4
{[%clk 1:01:12]} 26. Rd2 {[%clk 1:03:13]} c4 {[%clk 1:01:36]} 27. h3
{[%clk 1:03:04]} Bh5 {[%clk 1:01:33]} 28. Rf1 {[%clk 1:01:37]} Ke6
{[%clk 1:01:57]} 29. d4 {[%clk 1:01:36]} exd4 {[%clk 1:01:55]} 30. Rxf4
{[%clk 1:00:11]} g5 {[%clk 1:01:08]} 31. Rf5 {[%clk 0:57:58]} d3 {[%clk 1:01:27]}
32. Rxg5 {[%clk 0:51:09]} Be2 {[%clk 1:01:14]} 33. Rg6+ {[%clk 0:50:37]} Kd7
{[%clk 1:01:28]} 34. Rf6 {[%clk 0:50:27]} Rg8 {[%clk 1:01:30]} 35. Rf2
{[%clk 0:50:08]} Ke6 {[%clk 1:01:40]} 36. Rfxe2 {[%clk 0:49:45]} dxe2
{[%clk 1:01:52]} 37. Rxe2 {[%clk 0:50:12]} Ne5 {[%clk 1:01:24]} 38. Nc2
{[%clk 0:49:20]} 1-0

[Event "MP do lat 18 - dziewczeta"]
[Site "Sypniewo"]
[Date "2022.03.23"]
[Round "5.1"]
[White "Marcinczyk, Monika"]
[Black "Wikar, Martyna"]
[Result "1/2-1/2"]
[BlackElo "2160"]
[WhiteElo "1865"]
[LiveChessVersion "1.4.8"]

1. e4 {[%clk 1:30:55]} c5 {[%clk 1:30:53]} 2. Nf3 {[%clk 1:30:51]} Nc6
{[%clk 1:31:16]} 3. d4 {[%clk 1:31:14]} cxd4 {[%clk 1:31:40]} 4. Nxd4
{[%clk 1:31:39]} Nf6 {[%clk 1:32:05]} 5. Nc3 {[%clk 1:32:01]} e5 {[%clk 1:32:31]}
6. Ndb5 {[%clk 1:32:22]} d6 {[%clk 1:32:56]} 7. Nd5 {[%clk 1:32:09]} Nxd5
{[%clk 1:33:20]} 8. exd5 {[%clk 1:32:31]} Ne7 {[%clk 1:33:45]} 9. c4
{[%clk 1:32:47]} Ng6 {[%clk 1:33:43]} 10. Qa4 {[%clk 1:32:38]} Bd7
{[%clk 1:33:45]} 11. Qb4 {[%clk 1:32:56]} Qb8 {[%clk 1:33:51]} 12. Be3
{[%clk 1:32:59]} a6 {[%clk 1:32:38]} 13. Nc3 {[%clk 1:33:10]} a5 {[%clk 1:31:51]}
14. Qa3 {[%clk 1:33:33]} f5 {[%clk 1:24:31]} 15. f3 {[%clk 1:29:23]} Be7
{[%clk 1:11:56]} 16. O-O-O {[%clk 1:29:16]} O-O {[%clk 1:10:53]} 17. Kb1
{[%clk 1:29:19]} Qc7 {[%clk 1:08:11]} 18. Nb5 {[%clk 1:13:46]} Bxb5
{[%clk 1:08:10]} 19. cxb5 {[%clk 1:14:11]} Bf6 {[%clk 1:06:01]} 20. b6
{[%clk 1:04:47]} Qe7 {[%clk 1:02:51]} 21. Rc1 {[%clk 1:02:50]} Rfc8
{[%clk 1:02:31]} 22. Bd3 {[%clk 0:44:23]} e4 {[%clk 0:59:26]} 23. fxe4
{[%clk 0:43:40]} fxe4 {[%clk 0:58:34]} 24. Be2 {[%clk 0:38:59]} Ne5
{[%clk 0:54:13]} 25. Bd4 {[%clk 0:33:09]} Bg5 {[%clk 0:45:05]} 26. Rxc8+
{[%clk 0:23:11]} Rxc8 {[%clk 0:45:33]} 27. Qh3 {[%clk 0:23:01]} Rf8
{[%clk 0:28:05]} 28. Re1 {[%clk 0:19:58]} e3 {[%clk 0:26:00]} 29. Bxe3
{[%clk 0:16:13]} Bxe3 {[%clk 0:25:57]} 30. Qxe3 {[%clk 0:16:32]} Qh4
{[%clk 0:24:16]} 31. Bf3 {[%clk 0:13:24]} Qxh2 {[%clk 0:20:02]} 32. Rc1
{[%clk 0:12:24]} Kh8 {[%clk 0:14:00]} 33. Rc7 {[%clk 0:08:40]} Nxf3
{[%clk 0:12:02]} 34. Qxf3 {[%clk 0:05:31]} Qg1+ {[%clk 0:08:01]} 35. Kc2
{[%clk 0:05:42]} Kg8 {[%clk 0:07:07]} 36. Qg3 {[%clk 0:04:17]} Qd4
{[%clk 0:06:46]} 37. Qc3 {[%clk 0:03:58]} Rf2+ {[%clk 0:02:57]} 38. Kb3
{[%clk 0:04:08]} Qxb6+ {[%clk 0:02:19]} 39. Ka3 {[%clk 0:04:22]} Qb4+
{[%clk 0:01:12]} 40. Qxb4 {[%clk 0:34:46]} axb4+ {[%clk 0:31:41]} 41. Kb3
{[%clk 0:32:47]} Rxg2 {[%clk 0:27:30]} 42. Rxb7 {[%clk 0:30:59]} h5
{[%clk 0:24:49]} 43. Rxb4 {[%clk 0:30:44]} Rg4 {[%clk 0:22:47]} 44. a4
{[%clk 0:29:01]} Rxb4+ {[%clk 0:21:36]} 1/2-1/2

[Event "MP do lat 18 - dziewczeta"]
[Site "Sypniewo"]
[Date "2022.03.23"]
[Round "5.2"]
[White "Goraj, Barbara"]
[Black "Anyz, Monika"]
[Result "1-0"]
[BlackElo "1651"]
[WhiteElo "2078"]
[LiveChessVersion "1.4.8"]

1. c4 {[%clk 1:30:57]} c5 {[%clk 1:30:56]} 2. Nf3 {[%clk 1:31:08]} Nc6
{[%clk 1:30:57]} 3. b3 {[%clk 1:31:26]} e5 {[%clk 1:30:12]} 4. Bb2
{[%clk 1:31:30]} d6 {[%clk 1:29:52]} 5. d3 {[%clk 1:30:20]} g6 {[%clk 1:28:38]}
6. g3 {[%clk 1:30:04]} Bg7 {[%clk 1:28:11]} 7. Bg2 {[%clk 1:29:31]} Nge7
{[%clk 1:28:02]} 8. O-O {[%clk 1:28:35]} O-O {[%clk 1:27:59]} 9. Nc3
{[%clk 1:28:28]} Be6 {[%clk 1:27:11]} 10. Ng5 {[%clk 1:25:10]} Nf5
{[%clk 1:17:42]} 11. Nxe6 {[%clk 1:23:13]} fxe6 {[%clk 1:18:04]} 12. e3
{[%clk 1:20:25]} Rc8 {[%clk 1:14:52]} 13. a3 {[%clk 1:18:14]} Nfe7
{[%clk 1:10:00]} 14. Qg4 {[%clk 1:12:15]} Qd7 {[%clk 1:04:28]} 15. Ne4
{[%clk 1:06:47]} Nf5 {[%clk 0:54:49]} 16. Ng5 {[%clk 1:02:35]} Rce8
{[%clk 0:51:42]} 17. Bc3 {[%clk 0:57:45]} Nd8 {[%clk 0:34:19]} 18. b4
{[%clk 0:52:32]} Qe7 {[%clk 0:32:00]} 19. h4 {[%clk 0:48:43]} Nf7
{[%clk 0:26:32]} 20. Nxf7 {[%clk 0:43:52]} Rxf7 {[%clk 0:25:14]} 21. Rfb1
{[%clk 0:39:02]} b6 {[%clk 0:24:43]} 22. a4 {[%clk 0:37:44]} Qc7 {[%clk 0:22:46]}
23. a5 {[%clk 0:34:19]} cxb4 {[%clk 0:17:37]} 24. axb6 {[%clk 0:26:34]} axb6
{[%clk 0:17:35]} 25. Rxb4 {[%clk 0:21:10]} d5 {[%clk 0:14:34]} 26. Bb2
{[%clk 0:18:48]} d4 {[%clk 0:11:08]} 27. exd4 {[%clk 0:16:58]} Nxd4
{[%clk 0:07:02]} 28. Bxd4 {[%clk 0:16:33]} exd4 {[%clk 0:07:00]} 29. Rab1
{[%clk 0:16:44]} Qe5 {[%clk 0:05:19]} 30. Rb5 {[%clk 0:11:33]} Qf6
{[%clk 0:03:06]} 31. R1b2 {[%clk 0:10:05]} Rb8 {[%clk 0:02:40]} 32. c5
{[%clk 0:09:31]} Qe5 {[%clk 0:01:27]} 33. Re2 {[%clk 0:05:06]} Qc7
{[%clk 0:01:02]} 34. Qxe6 {[%clk 0:05:24]} Kf8 {[%clk 0:00:50]} 35. Rxb6
{[%clk 0:03:57]} Rd8 {[%clk 0:00:42]} 36. Bd5 {[%clk 0:03:22]} Rxd5
{[%clk 0:00:34]} 37. Qe8# {[%clk 0:03:29]} 1-0

[Event "MP do lat 18 - dziewczeta"]
[Site "Sypniewo"]
[Date "2022.03.23"]
[Round "5.3"]
[White "Kroliczek, Gabriela"]
[Black "Dylag, Emilia"]
[Result "0-1"]
[BlackElo "2003"]
[WhiteElo "1823"]
[LiveChessVersion "1.4.8"]

1. e4 {[%clk 1:30:58]} e5 {[%clk 1:30:23]} 2. Nf3 {[%clk 1:31:23]} Nc6
{[%clk 1:30:45]} 3. Nc3 {[%clk 1:31:50]} Nf6 {[%clk 1:31:05]} 4. a3
{[%clk 1:32:16]} d6 {[%clk 1:27:50]} 5. h3 {[%clk 1:30:42]} g6 {[%clk 1:25:13]}
6. d4 {[%clk 1:21:23]} exd4 {[%clk 1:19:46]} 7. Nxd4 {[%clk 1:21:37]} Bg7
{[%clk 1:16:52]} 8. Be3 {[%clk 1:15:59]} O-O {[%clk 1:15:41]} 9. Be2
{[%clk 1:09:32]} Re8 {[%clk 1:13:02]} 10. Nxc6 {[%clk 0:50:08]} bxc6
{[%clk 1:13:18]} 11. f3 {[%clk 0:50:35]} Nh5 {[%clk 1:05:55]} 12. O-O
{[%clk 0:39:15]} d5 {[%clk 0:55:13]} 13. Qe1 {[%clk 0:25:25]} Qe7
{[%clk 0:38:49]} 14. Qf2 {[%clk 0:20:38]} Be5 {[%clk 0:32:15]} 15. Bd3
{[%clk 0:14:49]} Bg3 {[%clk 0:28:48]} 16. Qd2 {[%clk 0:14:23]} Be5
{[%clk 0:21:19]} 17. Qf2 {[%clk 0:11:49]} Qd6 {[%clk 0:10:01]} 18. f4
{[%clk 0:07:54]} Bxc3 19. e5 {[%clk 0:04:02]} Bxe5 {[%clk 0:07:46]} 20. fxe5
{[%clk 0:04:29]} Qe7 {[%clk 0:07:35]} 21. Bc5 {[%clk 0:04:13]} Qe6
{[%clk 0:07:36]} 22. Rae1 {[%clk 0:04:09]} a5 {[%clk 0:05:27]} 23. Qh4
{[%clk 0:04:00]} Ba6 {[%clk 0:03:13]} 24. g4 Ng7 {[%clk 0:01:51]} 25. Rf6
{[%clk 0:01:39]} Qd7 {[%clk 0:02:12]} 26. Kh2 {[%clk 0:00:41]} Bxd3
{[%clk 0:02:17]} 27. cxd3 {[%clk 0:01:07]} d4 {[%clk 0:01:49]} 28. Re4
{[%clk 0:00:38]} Ne6 {[%clk 0:01:32]} 29. Rxe6 {[%clk 0:00:36]} Rxe6
{[%clk 0:01:14]} 30. Rxd4 {[%clk 0:00:34]} Qe8 {[%clk 0:01:29]} 31. Rf4
{[%clk 0:00:35]} Rxe5 {[%clk 0:01:10]} 32. Rc4 {[%clk 0:00:32]} Re2+
{[%clk 0:01:20]} 33. Bf2 {[%clk 0:00:40]} Qe3 34. Kg1 Qxd3 {[%clk 0:00:55]} 35.
Rd4 {[%clk 0:00:33]} Qb1+ {[%clk 0:01:14]} 36. Kg2 {[%clk 0:01:00]} Qxb2
{[%clk 0:01:10]} 0-1

[Event "MP do lat 18 - dziewczeta"]
[Site "Sypniewo"]
[Date "2022.03.23"]
[Round "5.4"]
[White "Czarnecka, Lidia"]
[Black "Bugaj, Hanna"]
[Result "1/2-1/2"]
[BlackElo "1782"]
[WhiteElo "1978"]
[LiveChessVersion "1.4.8"]

1. e4 {[%clk 1:30:56]} c5 {[%clk 1:30:53]} 2. Nf3 {[%clk 1:30:32]} d6
{[%clk 1:31:14]} 3. d4 {[%clk 1:30:28]} cxd4 {[%clk 1:31:35]} 4. Nxd4
{[%clk 1:30:53]} Nf6 {[%clk 1:31:54]} 5. Nc3 {[%clk 1:31:03]} g6 {[%clk 1:32:04]}
6. Be3 {[%clk 1:29:52]} Bg7 {[%clk 1:32:13]} 7. f3 {[%clk 1:29:41]} O-O
{[%clk 1:31:38]} 8. Bc4 {[%clk 1:28:46]} Nc6 {[%clk 1:31:34]} 9. Qd2
{[%clk 1:28:36]} Nxd4 {[%clk 1:30:53]} 10. Bxd4 {[%clk 1:24:42]} Be6
{[%clk 1:30:46]} 11. Bb3 {[%clk 1:18:04]} Qa5 {[%clk 1:27:57]} 12. O-O
{[%clk 1:15:18]} Nd7 {[%clk 1:18:10]} 13. Rfd1 {[%clk 1:12:16]} Bxd4+
{[%clk 1:10:09]} 14. Qxd4 {[%clk 1:12:23]} Qc5 {[%clk 1:10:26]} 15. Bd5
{[%clk 1:05:34]} Rab8 {[%clk 1:07:20]} 16. Rd2 {[%clk 1:03:33]} Rfc8
{[%clk 1:03:56]} 17. Rad1 {[%clk 0:45:58]} b5 {[%clk 0:59:46]} 18. Ne2
{[%clk 0:43:31]} Ne5 {[%clk 0:50:28]} 19. c3 {[%clk 0:39:47]} Nc4
{[%clk 0:24:41]} 20. Bxc4 {[%clk 0:40:00]} bxc4 {[%clk 0:24:37]} 21. Qxc5
{[%clk 0:37:25]} Rxc5 {[%clk 0:25:00]} 22. Nd4 {[%clk 0:36:25]} Rb6
{[%clk 0:22:28]} 23. Rc1 {[%clk 0:26:21]} a5 {[%clk 0:19:41]} 24. Rb1
{[%clk 0:24:45]} Rc7 {[%clk 0:18:52]} 25. Nxe6 {[%clk 0:21:10]} fxe6
{[%clk 0:19:14]} 26. Re1 {[%clk 0:21:04]} Rcb7 {[%clk 0:17:43]} 27. Ree2
{[%clk 0:21:28]} Kf7 {[%clk 0:17:16]} 28. Kf2 {[%clk 0:21:43]} Rb5
{[%clk 0:12:59]} 29. Ke3 {[%clk 0:19:55]} e5 {[%clk 0:12:03]} 30. g3
{[%clk 0:19:40]} g5 {[%clk 0:11:45]} 31. f4 {[%clk 0:18:09]} gxf4+
{[%clk 0:06:40]} 32. gxf4 {[%clk 0:18:37]} exf4+ {[%clk 0:05:27]} 33. Kxf4
{[%clk 0:19:05]} Kf6 {[%clk 0:05:42]} 34. Rg2 {[%clk 0:16:19]} e5+
{[%clk 0:04:01]} 35. Ke3 {[%clk 0:14:24]} Ke6 {[%clk 0:04:21]} 36. Rdf2
{[%clk 0:12:14]} d5 {[%clk 0:03:16]} 37. exd5+ {[%clk 0:12:37]} Kxd5
{[%clk 0:02:59]} 38. h4 {[%clk 0:11:52]} R5b6 {[%clk 0:02:29]} 39. h5
{[%clk 0:11:12]} a4 {[%clk 0:01:48]} 40. a3 {[%clk 0:35:20]} Rb5 {[%clk 0:30:43]}
41. h6 {[%clk 0:28:28]} R5b6 {[%clk 0:08:25]} 42. Rd2+ {[%clk 0:27:03]} Ke6
{[%clk 0:07:30]} 43. Ke4 {[%clk 0:26:57]} Rf7 {[%clk 0:06:21]} 44. Rg7
{[%clk 0:15:36]} Rbb7 {[%clk 0:04:42]} 45. Rdg2 {[%clk 0:15:13]} Rf4+
{[%clk 0:03:58]} 46. Ke3 {[%clk 0:15:39]} Rff7 {[%clk 0:03:50]} 47. R7g4
{[%clk 0:14:50]} Rbc7 {[%clk 0:03:51]} 48. Rh2 {[%clk 0:13:51]} Rf6
{[%clk 0:03:05]} 49. Rh3 {[%clk 0:13:24]} Kd5 {[%clk 0:02:18]} 50. Rh2
{[%clk 0:11:39]} Rcc6 {[%clk 0:02:08]} 51. Rgh4 {[%clk 0:11:44]} Rg6
{[%clk 0:02:00]} 52. Rd2+ {[%clk 0:11:45]} Kc5 {[%clk 0:01:36]} 53. Rdh2
{[%clk 0:12:04]} Kd5 {[%clk 0:01:49]} 54. Rd2+ {[%clk 0:11:50]} 1/2-1/2

[Event "MP do lat 18 - dziewczeta"]
[Site "Sypniewo"]
[Date "2022.03.23"]
[Round "5.5"]
[White "Pisarek, Elzbieta"]
[Black "Hertlein, Irena"]
[Result "1-0"]
[BlackElo "1925"]
[WhiteElo "1704"]
[LiveChessVersion "1.4.8"]

1. e4 {[%clk 1:30:59]} c5 {[%clk 1:30:47]} 2. Nf3 {[%clk 1:31:22]} Nc6
{[%clk 1:31:06]} 3. d4 {[%clk 1:27:34]} cxd4 {[%clk 1:31:29]} 4. Nxd4
{[%clk 1:27:58]} e5 {[%clk 1:31:53]} 5. Nb5 {[%clk 1:18:07]} d6 {[%clk 1:32:18]}
6. N1c3 {[%clk 1:17:45]} a6 {[%clk 1:31:11]} 7. Na3 {[%clk 1:17:42]} Nf6
{[%clk 1:30:57]} 8. Bg5 {[%clk 1:17:12]} Be7 {[%clk 1:30:58]} 9. Bxf6
{[%clk 1:14:15]} Bxf6 {[%clk 1:31:14]} 10. Nc4 {[%clk 1:09:40]} Nd4
{[%clk 1:09:00]} 11. Nd5 {[%clk 1:05:19]} b5 {[%clk 1:07:58]} 12. Ncb6
{[%clk 1:02:36]} Rb8 {[%clk 1:07:58]} 13. c3 {[%clk 0:56:26]} Nc6
{[%clk 1:07:27]} 14. Nxc8 {[%clk 0:55:04]} Rxc8 {[%clk 1:07:40]} 15. Qg4
{[%clk 0:48:39]} O-O {[%clk 1:05:08]} 16. h4 {[%clk 0:30:27]} b4 {[%clk 0:39:59]}
17. Bxa6 {[%clk 0:25:19]} Rb8 {[%clk 0:39:56]} 18. h5 {[%clk 0:04:43]} Bg5
{[%clk 0:33:58]} 19. O-O {[%clk 0:04:13]} bxc3 {[%clk 0:34:12]} 20. bxc3
{[%clk 0:04:26]} Bh6 {[%clk 0:33:09]} 21. Bd3 {[%clk 0:03:40]} Ne7
{[%clk 0:25:20]} 22. Nxe7+ {[%clk 0:02:09]} Qxe7 {[%clk 0:25:48]} 23. Rfb1
{[%clk 0:01:45]} Bd2 {[%clk 0:18:28]} 24. c4 {[%clk 0:01:05]} Bc3
{[%clk 0:18:19]} 25. Rxb8 {[%clk 0:01:28]} Rxb8 {[%clk 0:18:49]} 26. Rb1
{[%clk 0:01:34]} Ra8 {[%clk 0:17:50]} 27. h6 {[%clk 0:01:24]} g6 {[%clk 0:17:55]}
28. a4 {[%clk 0:01:15]} Bd2 {[%clk 0:14:21]} 29. Qh3 {[%clk 0:01:15]} Qf8
{[%clk 0:13:21]} 30. Qd7 {[%clk 0:01:00]} Bxh6 {[%clk 0:10:11]} 31. Rb7
{[%clk 0:00:49]} Rd8 {[%clk 0:06:19]} 32. Qb5 {[%clk 0:00:51]} Bg5
{[%clk 0:06:03]} 33. a5 {[%clk 0:00:50]} Qh6 {[%clk 0:04:04]} 34. Qd5
{[%clk 0:01:06]} Rf8 {[%clk 0:04:14]} 35. a6 {[%clk 0:01:08]} Bf4
{[%clk 0:00:39]} 36. g3 {[%clk 0:01:04]} Bxg3 {[%clk 0:00:36]} 37. fxg3
{[%clk 0:01:31]} Qe3+ {[%clk 0:00:55]} 38. Kg2 {[%clk 0:01:25]} Qd2+
{[%clk 0:00:48]} 39. Kf1 {[%clk 0:01:37]} Qe3 {[%clk 0:00:38]} 40. a7
{[%clk 0:30:52]} Qf3+ {[%clk 0:30:54]} 41. Ke1 {[%clk 0:30:16]} Qxg3+
{[%clk 0:25:34]} 42. Kd1 {[%clk 0:28:38]} Qg1+ {[%clk 0:24:17]} 43. Kc2
{[%clk 0:28:48]} Qa1 {[%clk 0:24:32]} 44. Qxd6 {[%clk 0:20:11]} Qa2+
{[%clk 0:23:56]} 45. Kc3 {[%clk 0:19:46]} Qa1+ {[%clk 0:20:53]} 46. Kb3
{[%clk 0:19:41]} Qd1+ {[%clk 0:21:11]} 47. Kb4 {[%clk 0:15:32]} Qd2+
{[%clk 0:21:08]} 48. Ka4 {[%clk 0:13:48]} Qd1+ {[%clk 0:12:49]} 49. Ka5
{[%clk 0:09:41]} Qa1+ {[%clk 0:11:47]} 50. Kb5 {[%clk 0:09:11]} Qb2+
{[%clk 0:11:41]} 51. Qb4 {[%clk 0:09:15]} Qd4 {[%clk 0:11:04]} 52. Qxf8+
{[%clk 0:07:51]} 1-0

[Event "MP do lat 18 - dziewczeta"]
[Site "Sypniewo"]
[Date "2022.03.23"]
[Round "5.6"]
[White "Adamczyk, Zuzanna"]
[Black "Wawrzyniak, Weronika"]
[Result "1-0"]
[BlackElo "1493"]
[WhiteElo "1889"]
[LiveChessVersion "1.4.8"]

1. d4 {[%clk 1:29:32]} d5 {[%clk 1:30:45]} 2. c4 {[%clk 1:29:50]} e6
{[%clk 1:30:47]} 3. Nf3 {[%clk 1:29:52]} Nf6 {[%clk 1:30:35]} 4. g3
{[%clk 1:30:06]} Be7 {[%clk 1:29:07]} 5. Bg2 {[%clk 1:30:16]} O-O
{[%clk 1:27:55]} 6. O-O {[%clk 1:30:36]} dxc4 {[%clk 1:24:29]} 7. Qc2
{[%clk 1:29:42]} a6 {[%clk 1:21:43]} 8. a4 {[%clk 1:29:57]} Nc6 {[%clk 1:10:24]}
9. Qxc4 {[%clk 1:21:49]} Nb4 {[%clk 1:07:28]} 10. Bd2 {[%clk 1:07:19]} a5
{[%clk 1:07:22]} 11. Ne5 {[%clk 1:05:06]} c6 {[%clk 1:04:10]} 12. Bxb4
{[%clk 1:00:52]} Bxb4 {[%clk 1:03:34]} 13. Na3 {[%clk 0:55:23]} Nd5
{[%clk 0:59:52]} 14. Nc2 {[%clk 0:49:30]} Be7 {[%clk 0:56:59]} 15. Nd3
{[%clk 0:47:25]} Bd7 {[%clk 0:49:50]} 16. Qb3 {[%clk 0:37:55]} b5
{[%clk 0:43:40]} 17. axb5 {[%clk 0:27:16]} cxb5 {[%clk 0:42:21]} 18. Bxd5
{[%clk 0:22:46]} exd5 {[%clk 0:41:54]} 19. Qxd5 {[%clk 0:23:08]} Qc8
{[%clk 0:28:19]} 20. Ne3 {[%clk 0:16:36]} Bc6 {[%clk 0:25:01]} 21. Qf5
{[%clk 0:14:46]} Bd7 {[%clk 0:23:55]} 22. Qf3 {[%clk 0:13:09]} Bc6
{[%clk 0:20:39]} 23. d5 {[%clk 0:11:01]} Bb7 {[%clk 0:21:03]} 24. Nf5
{[%clk 0:10:48]} Bf6 {[%clk 0:19:43]} 25. Nd6 {[%clk 0:10:15]} Qd7
{[%clk 0:19:24]} 26. Nxb7 {[%clk 0:10:31]} Qxb7 {[%clk 0:19:52]} 27. e4
{[%clk 0:10:00]} Rfe8 {[%clk 0:19:28]} 28. Rfe1 {[%clk 0:09:06]} Qc7
{[%clk 0:19:07]} 29. Rac1 {[%clk 0:09:21]} Qb8 {[%clk 0:17:00]} 30. Rc6
{[%clk 0:08:42]} b4 {[%clk 0:16:20]} 31. d6 {[%clk 0:07:11]} Ra7 {[%clk 0:11:48]}
32. e5 {[%clk 0:06:41]} Bd8 {[%clk 0:12:10]} 33. Nc5 {[%clk 0:03:13]} a4
{[%clk 0:10:31]} 34. e6 {[%clk 0:02:13]} fxe6 {[%clk 0:10:36]} 35. d7
{[%clk 0:02:05]} Rf8 {[%clk 0:09:11]} 36. Qe3 {[%clk 0:02:08]} e5
{[%clk 0:08:29]} 37. Rc8 {[%clk 0:01:41]} Qd6 {[%clk 0:07:59]} 38. Qxe5
{[%clk 0:01:03]} Qxe5 {[%clk 0:04:34]} 39. Rxe5 {[%clk 0:01:28]} a3
{[%clk 0:05:01]} 40. bxa3 {[%clk 0:31:51]} bxa3 {[%clk 0:35:27]} 41. Rxd8
{[%clk 0:28:02]} a2 {[%clk 0:29:21]} 42. Rxf8+ {[%clk 0:28:19]} Kxf8
{[%clk 0:29:49]} 43. d8=Q+ {[%clk 0:28:37]} Kf7 {[%clk 0:30:05]} 44. Qe8+ 1-0